| 000 | 00822cam a2200229 4500 | ||
|---|---|---|---|
| 001 | J116813 | ||
| 008 | 020222n1965 000 0 eng u | ||
| 035 | _a(Sirsi) u116813 | ||
| 050 | _a692.209421 | ||
| 110 |
_aLondon County Council _91711 |
||
| 240 | _aLondon Building (Constructional) Amending By-laws (No.1) 1964 | ||
| 245 | _aLondon Building Acts 1930-39 : By-laws mand on 2 Mar 1965 amending the London Building (Constructional) By-laws 1952 | ||
| 260 |
_aLondon _bLCC _c1965 |
||
| 300 |
_a78p. _c30cm. |
||
| 490 |
_aT.P _v608 |
||
| 650 |
_aBUILDING REGULATIONS _96224 |
||
| 650 | _aLONDON BUILDING ACTS | ||
| 650 | _aLONDON BUILDING (CONSTRUCTIONAL) BY-LAWS 1952 | ||
| 650 | _aLONDON BUILDING (CONSTRUCTIONAL) AMENDING BY-LAWS (NO.1) 1964 | ||
| 690 | _aBUILT ENVIRONMENT-BUILDING STANDARDS | ||
| 942 | _n0 | ||
| 999 |
_c101902 _d101902 |
||